01391nam a2200337Ia 4500001001200000003000800012006001900020007001500039008004100054020001500095040002100110035002000131050002500151082001900176100002100195245015100216260004300367300001400410490003900424504004100463533015200504650004300656650004500699650003900744650004100783655002900824710001700853830004000870856012600910999001701036ebr10058811CaPaEBRm u cr cn|||||||||040601s2004 nyu sb 000 0 eng d z0821358928 aCaPaEBRcCaPaEBR a(OCoLC)5588974814aKJE6456b.G47 2004eb04a343.2407212221 aGeradin, Damien.10aCompetition law and regional economic integrationh[electronic resource] :ban analysis of the southern Mediterranean countries /cDamien Geradin. aWashington, D.C. :bWorld Bank,c2004. axi, 94 p.1 aWorld Bank working paper ;vno. 35 aIncludes bibliographical references. aElectronic reproduction.bPalo Alto, Calif. :cebrary,d2009.nAvailable via World Wide Web.nAccess may be limited to ebrary affiliated libraries. 0aCompetitionzEuropean Union countries. 0aAntitrust lawzEuropean Union countries. 0aCompetitionzMediterranean Region. 0aAntitrust lawzMediterranean Region. 7aElectronic books.2local2 aebrary, Inc. 0aWorld Bank working paper ;vno. 35.40uhttp://site.ebrary.com/lib/rucke/Doc?id=10058811zAn electronic book accessible through the World Wide Web; click to view c67215d67215